| 000 | 00884nas a2200265 4500 | ||
|---|---|---|---|
| 001 | BR8101040 | ||
| 003 | BR-BrBNA | ||
| 005 | 20231205084536.0 | ||
| 007 | ta | ||
| 008 | 230509b bl.|||p| |||| 00| 00por d | ||
| 040 |
_aBR-BrBNA _bpor _cBiblioteca Nacional de Agricultura |
||
| 041 | _a(Pt) | ||
| 072 | _aH20 | ||
| 100 | 1 | _aReifschneider, F.J.B. | |
| 245 | 1 | _aDoencas fungicas da batata [Solanum tuberosum; Requeima; Pinta preta; Brasil] | |
| 246 | 1 | _a[Potato fungic diseases [Solanum tuberosum; Reburn; Black spot; Brazil]] | |
| 650 | _aDoenca de planta | ||
| 650 | _aBatata | ||
| 650 | _aRequeima | ||
| 650 | _aFungo | ||
| 650 | _aPinta preta | ||
| 773 | 0 |
_tInforme Agropecuario - Empresa de Pesquisa Agropecuaria de Minas Gerais (Brazil) _xISSN 0100-3364 _g(Apr 1981), v. 7(76) p. 42-46 _wBR8101040 |
|
| 909 |
_a202311 _bLúcia _c55 _dLúcia Elande |
||
| 942 |
_2AGRIS _n0 _cANA |
||
| 999 |
_c105814 _d105814 |
||